[Event "British Chess Championship 2010"]
[Site "Canterbury ENG"]
[Date "2010.08.05"]
[Round "10.28"]
[White "Sathyanandha, Saravanan"]
[Black "Williams, Peter A"]
[Result "1-0"]
[WhiteElo "1986"]
[BlackElo "2145"]
[PlyCount "103"]
[EventDate "2010.07.27"]
[EventType "swiss"]
[EventRounds "11"]
[EventCountry "ENG"]
[Source "lmi"]
[SourceDate "2010.07.25"]

1. e4 e6 2. d3 d5 3. Qe2 dxe4 4. dxe4 e5 5. Nf3 Nc6 6. c3 Nf6 7. h3 a5 8. Qc2
Bc5 9. Bc4 Qe7 10. O-O O-O 11. Nbd2 Be6 12. Bxe6 Qxe6 13. Ng5 Qe7 14. Nc4 Nh5
15. Nf3 Rfd8 16. Ne3 Bxe3 17. Bxe3 Rd7 18. Rad1 Rad8 19. Qb3 Rxd1 20. Rxd1
Rxd1+ 21. Qxd1 Nf6 22. Qb3 b6 23. Qc4 Qd6 24. g4 Nd7 25. a3 Nd8 26. b4 axb4 27.
cxb4 Ne6 28. Qd5 Qxd5 29. exd5 Nf4 30. Nxe5 Nxh3+ 31. Kg2 Nxe5 32. Kxh3 Nd3 33.
d6 cxd6 34. Bxb6 Kf8 35. Bd4 Nf4+ 36. Kh2 Ne6 37. Bc3 Ke8 38. Kg3 Kd7 39. f4 f6
40. f5 Ng5 41. Kf4 Kc6 42. a4 Nf7 43. Bd4 Kd5 44. a5 Ne5 45. a6 Kc6 46. b5+ Kc7
47. Bxe5 fxe5+ 48. Ke3 h6 49. Ke4 Kb6 50. Kd5 Kc7 51. a7 Kb7 52. b6 1-0

[Event "British Chess Championship 2010"]
[Site "Canterbury ENG"]
[Date "2010.08.05"]
[Round "10.29"]
[White "Almond, Richard J"]
[Black "Clarke, Brandon G I"]
[Result "1-0"]
[WhiteElo "2148"]
[BlackElo "2097"]
[PlyCount "111"]
[EventDate "2010.07.27"]
[EventType "swiss"]
[EventRounds "11"]
[EventCountry "ENG"]
[Source "lmi"]
[SourceDate "2010.07.25"]

1. d4 Nf6 2. c4 g6 3. Nc3 Bg7 4. e4 d6 5. Nf3 O-O 6. Be2 e5 7. O-O Nc6 8. d5
Ne7 9. Ne1 Nd7 10. f3 f5 11. g4 Kh8 12. h4 Ng8 13. g5 f4 14. Kg2 h6 15. Rh1 Rf7
16. Nd3 Bf8 17. Qg1 Rh7 18. Kf1 Be7 19. h5 Bxg5 20. hxg6 Rg7 21. Bd2 Rxg6 22.
Be1 Nf8 23. Qh2 h5 24. Bf2 Nf6 25. Ke1 Rh6 26. Kd1 h4 27. Kc2 Ng6 28. Bf1 h3
29. Qg1 Nh7 30. Rh2 Be7 31. Qh1 Ng5 32. Be2 c5 33. Qe1 Bd7 34. Qd2 Nh4 35. Ne1
Qe8 36. Qd1 Qh5 37. Rc1 a6 38. a4 Rb8 39. Kb1 Bd8 40. Ka2 Ba5 41. Ka1 Kg7 42.
Ka2 Kf6 43. Ka1 Qe8 44. b3 Qh5 45. Kb2 Rh7 46. Kc2 Bxc3 47. Kxc3 b5 48. axb5
axb5 49. Ra1 bxc4 50. bxc4 Rhh8 51. Ra6 Ke7 52. Qa1 Rb7 53. Rxd6 Kxd6 54. Bxc5+
Kxc5 55. Qa6 Rb6 56. Qa3+ 1-0

[Event "British Chess Championship 2010"]
[Site "Canterbury ENG"]
[Date "2010.08.05"]
[Round "10.30"]
[White "Chapman, Terry P D"]
[Black "Mayhew, Andrew"]
[Result "1-0"]
[WhiteElo "2251"]
[BlackElo "2085"]
[PlyCount "79"]
[EventDate "2010.07.27"]
[EventType "swiss"]
[EventRounds "11"]
[EventCountry "ENG"]
[Source "lmi"]
[SourceDate "2010.07.25"]

1. g3 g6 2. Bg2 Bg7 3. d4 d6 4. e4 c5 5. d5 e6 6. Nc3 Ne7 7. Nge2 O-O 8. O-O
exd5 9. Nxd5 Nxd5 10. Qxd5 Qb6 11. Nf4 Nc6 12. c3 Ne5 13. h3 Bd7 14. Rd1 Rad8
15. Qb3 Qa6 16. Qc2 Bb5 17. a4 h6 18. Be3 Bc6 19. Bf1 Qa5 20. Nd5 Bxd5 21. Rxd5
Qc7 22. Rad1 Rfe8 23. f4 Nc6 24. Bf2 a6 25. Kh2 Qe7 26. Bg2 Qc7 27. h4 h5 28.
e5 dxe5 29. f5 Rxd5 30. Bxd5 Kh7 31. Bxc5 e4 32. fxg6+ fxg6 33. Bd6 Qb6 34. Bf7
Rd8 35. Bxg6+ Kxg6 36. Qxe4+ Kf7 37. Rf1+ Kg8 38. Qe6+ Kh8 39. Rf5 Qxb2+ 40.
Kh3 1-0

[Event "British Chess Championship 2010"]
[Site "Canterbury ENG"]
[Date "2010.08.05"]
[Round "10.31"]
[White "Anderson, John"]
[Black "Cumming, Rhys"]
[Result "1-0"]
[WhiteElo "2208"]
[BlackElo "1986"]
[PlyCount "59"]
[EventDate "2010.07.27"]
[EventType "swiss"]
[EventRounds "11"]
[EventCountry "ENG"]
[Source "lmi"]
[SourceDate "2010.07.25"]

1. d4 Nf6 2. Nf3 g6 3. Nc3 d5 4. Bf4 Bg7 5. e3 O-O 6. Be2 b6 7. Ne5 Bb7 8. h4
Nfd7 9. h5 Nxe5 10. dxe5 e6 11. hxg6 fxg6 12. Bd3 Qe7 13. Qg4 Qf7 14. O-O-O Ba6
15. Qh4 Bh8 16. Nxd5 exd5 17. e6 Bxb2+ 18. Kb1 Qg7 19. Bh6 Qf6 20. Bxf8 Kxf8
21. Qb4+ c5 22. Qxb2 Qxb2+ 23. Kxb2 c4 24. e7+ Kxe7 25. Rxh7+ Kf6 26. Bf1 Nc6
27. Rxd5 Rc8 28. c3 Ke6 29. Rd2 Bb5 30. g3 1-0

[Event "British Chess Championship 2010"]
[Site "Canterbury ENG"]
[Date "2010.08.05"]
[Round "10.32"]
[White "Brown, Martin"]
[Black "Rich, Mark C"]
[Result "1/2-1/2"]
[WhiteElo "2093"]
[BlackElo "2166"]
[PlyCount "70"]
[EventDate "2010.07.27"]
[EventType "swiss"]
[EventRounds "11"]
[EventCountry "ENG"]
[Source "lmi"]
[SourceDate "2010.07.25"]

1. e4 c5 2. Nf3 a6 3. c4 d6 4. d4 Bg4 5. dxc5 Bxf3 6. Qxf3 dxc5 7. Bd2 Nc6 8.
Bc3 e6 9. Nd2 Nd4 10. Bxd4 cxd4 11. O-O-O Ne7 12. Nb3 Nc6 13. Qg3 g6 14. f4 Bh6
15. Kb1 Qf6 16. f5 gxf5 17. Qc7 Qe7 18. Qxe7+ Kxe7 19. exf5 e5 20. Bd3 Kd6 21.
Be4 Rac8 22. Rhe1 b6 23. Re2 a5 24. Na1 a4 25. Bd5 f6 26. Nc2 Na5 27. Na3 Rc5
28. Be6 Rb8 29. g4 Bf4 30. h4 h6 31. Re4 Nc6 32. Nb5+ Ke7 33. Nc7 Nb4 34. Nb5
Nc6 35. Nc7 Nb4 1/2-1/2

[Event "British Chess Championship 2010"]
[Site "Canterbury ENG"]
[Date "2010.08.05"]
[Round "10.33"]
[White "Tambini, Jasper"]
[Black "Henderson, Ian R"]
[Result "1/2-1/2"]
[WhiteElo "1890"]
[BlackElo "2108"]
[PlyCount "45"]
[EventDate "2010.07.27"]
[EventType "swiss"]
[EventRounds "11"]
[EventCountry "ENG"]
[Source "lmi"]
[SourceDate "2010.07.25"]

1. e4 d5 2. exd5 Nf6 3. d4 Bg4 4. Bb5+ Nbd7 5. f3 Bf5 6. Nc3 a6 7. Ba4 b5 8.
Bb3 Nb6 9. Nge2 Nfxd5 10. Nxd5 Nxd5 11. Ng3 Bc8 12. O-O e6 13. f4 f5 14. Re1
Kf7 15. Qf3 Bb7 16. Bd2 g6 17. Nf1 Bg7 18. c3 Qd6 19. Ne3 Bc6 20. Nxd5 Bxd5 21.
Bxd5 exd5 22. Qd3 Rhe8 23. Rxe8 1/2-1/2

[Event "British Chess Championship 2010"]
[Site "Canterbury ENG"]
[Date "2010.08.05"]
[Round "10.34"]
[White "McCullough, Simon L"]
[Black "Helbig, Paul D"]
[Result "0-1"]
[WhiteElo "2030"]
[BlackElo "2160"]
[PlyCount "30"]
[EventDate "2010.07.27"]
[EventType "swiss"]
[EventRounds "11"]
[EventCountry "ENG"]
[Source "lmi"]
[SourceDate "2010.07.25"]

1. e4 e5 2. f4 exf4 3. Bc4 d5 4. Bxd5 Nf6 5. Bb3 Nxe4 6. Nf3 Bd6 7. Qe2 O-O 8.
O-O Re8 9. Qc4 Be6 10. Qxe4 Bxb3 11. Qxb7 Bc5+ 12. d4 Bxd4+ 13. Nxd4 Qxd4+ 14.
Kh1 Bd5 15. Qxc7 Qe4 0-1

[Event "British Chess Championship 2010"]
[Site "Canterbury ENG"]
[Date "2010.08.05"]
[Round "10.35"]
[White "Freeman, Richard C P"]
[Black "Combie, Alex B"]
[Result "0-1"]
[WhiteElo "2056"]
[BlackElo "2018"]
[PlyCount "118"]
[EventDate "2010.07.27"]
[EventType "swiss"]
[EventRounds "11"]
[EventCountry "ENG"]
[Source "lmi"]
[SourceDate "2010.07.25"]

1. e4 c5 2. Nc3 d6 3. f4 g6 4. Nf3 Bg7 5. Bc4 Nc6 6. O-O e6 7. d3 Nge7 8. Qe1
h6 9. a3 a6 10. Ba2 b5 11. Bd2 Rb8 12. Nh4 Nd4 13. Rc1 O-O 14. Nd1 Nec6 15. c3
Ne2+ 16. Qxe2 Qxh4 17. Rf3 Qd8 18. Ne3 a5 19. f5 b4 20. f6 Bxf6 21. Ng4 Bg5 22.
Nxh6+ Kg7 23. Ng4 bxa3 24. b3 a4 25. h4 Bxd2 26. Qxd2 Rh8 27. bxa4 Qxh4 28. Nf2
Rb2 29. Rc2 Qh2+ 30. Kf1 Ne5 31. Re3 Qf4 32. Rxb2 axb2 33. Ke2 Rh2 34. Rh3
Qxd2+ 35. Kxd2 Rxg2 36. Ke3 Rg1 37. Rh1 Ra1 38. Bb1 Rxa4 39. Nd1 Ra3 40. Kd2
Rb3 41. Kc2 Rb8 42. Nxb2 Ba6 43. Rd1 Rh8 44. d4 Rh2+ 45. Kb3 c4+ 46. Ka3 Nf3
47. d5 e5 48. Ba2 Nd2 49. Re1 Rh4 50. Kb4 Nxe4 51. Ka5 Nxc3 52. Kxa6 Nxa2 53.
Ra1 c3 54. Rxa2 Rh2 55. Ra3 cxb2 56. Rb3 Rd2 57. Kb6 Rxd5 58. Rxb2 e4 59. Re2
f5 0-1

[Event "British Chess Championship 2010"]
[Site "Canterbury ENG"]
[Date "2010.08.05"]
[Round "10.36"]
[White "Pleasants, Allan J"]
[Black "Krzyzanowski, Patryk"]
[Result "1/2-1/2"]
[WhiteElo "2032"]
[BlackElo "2030"]
[PlyCount "77"]
[EventDate "2010.07.27"]
[EventType "swiss"]
[EventRounds "11"]
[EventCountry "ENG"]
[Source "lmi"]
[SourceDate "2010.07.25"]

1. Nf3 Nf6 2. g3 b6 3. Bg2 Bb7 4. O-O c5 5. c3 e6 6. d4 cxd4 7. cxd4 Be7 8. Nc3
Ne4 9. Qb3 Nxc3 10. bxc3 Nc6 11. Nd2 Na5 12. Qa4 Bxg2 13. Kxg2 Qc7 14. c4 Rc8
15. Ba3 Nxc4 16. Bxe7 Nxd2 17. Rfd1 Kxe7 18. Qb4+ Qd6 19. Qxd2 Qd5+ 20. f3 f5
21. Rac1 Kf7 22. Rc2 Rxc2 23. Qxc2 Qc6 24. Qb3 Rc8 25. d5 Qc2 26. dxe6+ dxe6
27. Rd7+ Kf6 28. Qe3 Qc5 29. Qd2 b5 30. h4 h6 31. Rb7 Qc4 32. Rxa7 b4 33. Rb7
Ra8 34. Rxb4 Qxa2 35. Qd4+ Kg6 36. Qe5 Ra5 37. Qe3 Ra3 38. Qe5 Ra5 39. Qe3
1/2-1/2

[Event "British Chess Championship 2010"]
[Site "Canterbury ENG"]
[Date "2010.08.05"]
[Round "10.37"]
[White "Bucher, Grant W"]
[Black "Fegan, Chris"]
[Result "1-0"]
[WhiteElo "2012"]
[BlackElo "2051"]
[PlyCount "111"]
[EventDate "2010.07.27"]
[EventType "swiss"]
[EventRounds "11"]
[EventCountry "ENG"]
[Source "lmi"]
[SourceDate "2010.07.25"]

1. e4 e6 2. d4 d5 3. Nd2 dxe4 4. Nxe4 Nd7 5. Nf3 Ngf6 6. Nxf6+ Nxf6 7. Bg5 h6
8. Bh4 c5 9. Be2 cxd4 10. Qxd4 Qxd4 11. Nxd4 Bc5 12. Nb3 Bb6 13. Bf3 e5 14.
O-O-O O-O 15. Rhe1 Re8 16. Nd2 Ng4 17. Ne4 Nxh2 18. Be2 Be6 19. Nd6 Reb8 20. f3
a5 21. Bg3 Bxa2 22. Bxh2 Be3+ 23. Rd2 Bxd2+ 24. Kxd2 f6 25. Ke3 Bd5 26. Rd1 Bc6
27. Bc4+ Kh7 28. Bd3+ g6 29. f4 exf4+ 30. Bxf4 a4 31. Rh1 f5 32. Bxh6 Bxg2 33.
Rh2 Bd5 34. Kd4 Bf3 35. Bf4+ Bh5 36. Bxf5 Kg7 37. Be5+ Kf8 38. Bf6 Ra6 39. Ke5
Ra5+ 40. Ke6 Rxf5 41. Nxf5 Re8+ 42. Be7+ Kg8 43. Nd6 Ra8 44. Rf2 b6 45. Kf6 Ra7
46. Nf7 b5 47. Rd2 Ra6+ 48. Rd6 Rxd6+ 49. Bxd6 Bd1 50. c3 Bc2 51. Ng5 Bb1 52.
Ne6 Kh7 53. Bf4 Kg8 54. Nd4 Bd3 55. Ke5 Kf7 56. Bg5 1-0

[Event "British Chess Championship 2010"]
[Site "Canterbury ENG"]
[Date "2010.08.05"]
[Round "10.38"]
[White "Doran, Chris"]
[Black "Messam-Sparks, Lateefah"]
[Result "0-1"]
[WhiteElo "1997"]
[BlackElo "1904"]
[PlyCount "48"]
[EventDate "2010.07.27"]
[EventType "swiss"]
[EventRounds "11"]
[EventCountry "ENG"]
[Source "lmi"]
[SourceDate "2010.07.25"]

1. e4 c5 2. Nf3 d6 3. d4 cxd4 4. Nxd4 Nf6 5. Nc3 e6 6. Be2 a6 7. Be3 Be7 8. O-O
O-O 9. f4 e5 10. Nb3 exf4 11. Bxf4 Nc6 12. Qe1 b5 13. Qg3 Kh8 14. Bf3 Ne8 15.
Nd5 Bh4 16. Bxd6 Bxg3 17. Bxf8 Be5 18. Bc5 Be6 19. Rad1 Qh4 20. g3 Qg5 21. Be3
Qg6 22. Rd2 Bh3 23. Rfd1 Nd6 24. Nc5 Nc4 0-1

[Event "British Chess Championship 2010"]
[Site "Canterbury ENG"]
[Date "2010.08.05"]
[Round "10.39"]
[White "Van Kemenade, Rudy"]
[Black "Dines, Sheila J"]
[Result "0-1"]
[WhiteElo "1995"]
[BlackElo "1931"]
[PlyCount "66"]
[EventDate "2010.07.27"]
[EventType "swiss"]
[EventRounds "11"]
[EventCountry "ENG"]
[Source "lmi"]
[SourceDate "2010.07.25"]

1. e4 e5 2. Nf3 Nc6 3. Bc4 Bc5 4. c3 Nf6 5. d3 d6 6. h3 h6 7. Nbd2 a6 8. Bb3
Qe7 9. a4 Be6 10. Nc4 O-O 11. Be3 Nd7 12. g4 b5 13. Ncd2 Bxe3 14. fxe3 Nc5 15.
Bc2 d5 16. exd5 Bxd5 17. axb5 axb5 18. Rxa8 Rxa8 19. e4 Be6 20. Nf1 Rd8 21. Ng3
Nxd3+ 22. Bxd3 Bc4 23. Qc1 Rxd3 24. O-O Qc5+ 25. Kg2 Ne7 26. Re1 Ng6 27. Nh5
Qd6 28. g5 Nf4+ 29. Nxf4 exf4 30. e5 Qc6 31. Qxf4 hxg5 32. Qf5 Rxf3 33. Qxf3
Bd5 0-1

[Event "British Chess Championship 2010"]
[Site "Canterbury ENG"]
[Date "2010.08.06"]
[Round "11.2"]
[White "Pert, Nicholas"]
[Black "Gordon, Stephen J"]
[Result "1-0"]
[WhiteElo "2551"]
[BlackElo "2534"]
[PlyCount "171"]
[EventDate "2010.07.27"]
[EventType "swiss"]
[EventRounds "11"]
[EventCountry "ENG"]
[Source "lmi"]
[SourceDate "2010.07.25"]

1. Nf3 Nf6 2. g3 b5 3. Bg2 Bb7 4. O-O e6 5. d3 Be7 6. e4 d6 7. a4 b4 8. Nbd2
O-O 9. Re1 Nbd7 10. a5 Rb8 11. d4 c5 12. e5 Ne8 13. c3 cxd4 14. cxd4 dxe5 15.
Nxe5 Bxg2 16. Kxg2 Nxe5 17. dxe5 Nc7 18. Qf3 Nd5 19. Nc4 b3 20. Bd2 Qc8 21.
Rec1 Qa6 22. Ne3 Rb5 23. Ra4 Rd8 24. Ng4 Qb7 25. a6 Qb8 26. Re4 Rf8 27. h4 Qd8
28. Rd1 Qc8 29. Bg5 f5 30. exf6 Nxf6 31. Rf4 Nd5 32. Rxd5 Rxf4 33. Qxf4 Qc6 34.
Bxe7 Qxd5+ 35. Kh2 Qf5 36. Bg5 Qxf4 37. Bxf4 Ra5 38. Kg2 Rxa6 39. Kf3 Ra2 40.
Be5 a5 41. Ke2 a4 42. Kd3 a3 43. bxa3 Rxa3 44. Kc3 Ra2 45. Kxb3 Re2 46. h5 Re4
47. Bf4 Kf7 48. Kc3 Ra4 49. Kd3 Ra5 50. Ne5+ Kf6 51. Ke4 Ra4+ 52. Kf3 Ra5 53.
Ng4+ Kf5 54. Ne3+ Kf6 55. g4 h6 56. Nc4 Rc5 57. Nd6 Ra5 58. Ne4+ Kf7 59. Ng3
Ra4 60. Be3 Ra5 61. Ne2 g6 62. hxg6+ Kxg6 63. Nd4 h5 64. Nxe6 hxg4+ 65. Kxg4
Ra4+ 66. Nd4 Ra3 67. Kf4 Kf6 68. Ke4 Ra4 69. f4 Rb4 70. Bf2 Ra4 71. Bh4+ Kf7
72. Bd8 Ra1 73. Nf3 Rf1 74. f5 Rb1 75. Ne5+ Kf8 76. f6 Rf1 77. Be7+ Ke8 78. Kd5
Rf5 79. Ke6 Rf2 80. Bb4 Rf1 81. Bd2 Kf8 82. Bh6+ Ke8 83. Be3 Kf8 84. Bf4 Kg8
85. f7+ Kg7 86. Ng6 1-0

[Event "British Chess Championship 2010"]
[Site "Canterbury ENG"]
[Date "2010.08.06"]
[Round "11.4"]
[White "Conquest, Stuart C"]
[Black "Houska, Jovanka"]
[Result "1-0"]
[WhiteElo "2523"]
[BlackElo "2433"]
[PlyCount "135"]
[EventDate "2010.07.27"]
[EventType "swiss"]
[EventRounds "11"]
[EventCountry "ENG"]
[Source "lmi"]
[SourceDate "2010.07.25"]

1. e4 c6 2. d4 d5 3. exd5 cxd5 4. Bd3 Nc6 5. c3 Qc7 6. h3 g6 7. Ne2 Bh6 8. O-O
Bxc1 9. Qxc1 Nf6 10. Qh6 Rg8 11. Ng3 Nd8 12. Re1 Ne6 13. Re5 Bd7 14. Nd2 O-O-O
15. Rae1 Kb8 16. Nf3 Bc6 17. Bc2 a6 18. R5e3 Rh8 19. Ne5 Be8 20. Bb1 Ng8 21.
Qh4 g5 22. Qg4 Nf6 23. Qd1 Nf4 24. Nf3 Ne6 25. Bf5 g4 26. Bxg4 Nxg4 27. hxg4
Rg8 28. Nh4 Qf4 29. Nhf5 Rd7 30. Rf3 Qg5 31. Re5 Qg6 32. Qc1 Ng5 33. Nxe7 Nxf3+
34. gxf3 Rxe7 35. Rxe7 h5 36. Nxh5 f5 37. Qf4+ Ka7 38. Qc7 Bc6 39. Rg7 Qe6 40.
Rxg8 Qxg8 41. Qg7 Qe6 42. Qe5 Qh6 43. Qf4 Qe6 44. Ng3 Qe1+ 45. Kg2 fxg4 46.
fxg4 Qb1 47. g5 Bb5 48. Qf5 Bf1+ 49. Kh2 Bd3 50. Qxd5 Qxb2 51. Kg2 Qc2 52. a3
Bb5 53. Qc5+ Ka8 54. Qc8+ Ka7 55. Qc5+ Ka8 56. d5 Qd3 57. Qf8+ Ka7 58. Qf3 Qc2
59. Qe3+ Ka8 60. Qd4 Bd7 61. Qf6 Qh7 62. g6 Bh3+ 63. Kg1 Qh6 64. Qf7 Ka7 65. g7
Qc1+ 66. Kh2 Qh6 67. g8=Q Be6+ 68. Kg2 1-0

[Event "British Chess Championship 2010"]
[Site "Canterbury ENG"]
[Date "2010.08.06"]
[Round "11.5"]
[White "Williams, Simon K"]
[Black "Hawkins, Jonathan"]
[Result "0-1"]
[WhiteElo "2511"]
[BlackElo "2423"]
[PlyCount "76"]
[EventDate "2010.07.27"]
[EventType "swiss"]
[EventRounds "11"]
[EventCountry "ENG"]
[Source "lmi"]
[SourceDate "2010.07.25"]

1. d4 Nf6 2. c4 g6 3. Nc3 Bg7 4. e4 d6 5. f4 O-O 6. Nf3 c5 7. d5 e6 8. dxe6
fxe6 9. Bd3 Nc6 10. O-O Nd4 11. Kh1 Nh5 12. g3 Bd7 13. Bd2 Bc6 14. Ng5 Qd7 15.
Kg1 Rad8 16. Qg4 Nf6 17. Qh3 h6 18. Nf3 Nxf3+ 19. Rxf3 d5 20. cxd5 exd5 21.
Qxd7 Rxd7 22. e5 Ne4 23. Nxe4 dxe4 24. Bc4+ Kh7 25. Rf2 Bxe5 26. fxe5 Rxf2 27.
Kxf2 Rxd2+ 28. Ke3 Rxh2 29. Rf1 h5 30. e6 Rg2 31. Rf7+ Kh6 32. Rc7 Rxg3+ 33.
Ke2 Rg5 34. Ke3 Re5 35. Kf4 Rf5+ 36. Ke3 Kg5 37. e7 Re5 38. Bf7 Kf6 0-1

[Event "British Chess Championship 2010"]
[Site "Canterbury ENG"]
[Date "2010.08.06"]
[Round "11.6"]
[White "Griffiths, Ryan Rhys"]
[Black "Greet, Andrew N"]
[Result "0-1"]
[WhiteElo "2249"]
[BlackElo "2451"]
[PlyCount "58"]
[EventDate "2010.07.27"]
[EventType "swiss"]
[EventRounds "11"]
[EventCountry "ENG"]
[Source "lmi"]
[SourceDate "2010.07.25"]

1. c4 Nf6 2. Nc3 e5 3. Nf3 Nc6 4. g3 Bb4 5. Nd5 Bd6 6. Bg2 Nxd5 7. cxd5 Ne7 8.
e4 c6 9. d4 f6 10. O-O O-O 11. Be3 Kh8 12. Qb3 b6 13. dxe5 fxe5 14. dxc6 Nxc6
15. Rfd1 Bc5 16. Bxc5 bxc5 17. Qd5 Qe7 18. Rac1 Rb8 19. b3 Nd4 20. Nxd4 cxd4
21. Rc7 Qf6 22. f3 Ba6 23. Rdc1 Qh6 24. Qxe5 Qe3+ 25. Kh1 Be2 26. f4 Bf3 27.
R7c4 Bxg2+ 28. Kxg2 Qe2+ 29. Kh3 Rb6 0-1

[Event "British Chess Championship 2010"]
[Site "Canterbury ENG"]
[Date "2010.08.06"]
[Round "11.7"]
[White "Slavin, Alexei"]
[Black "Baker, Chris W"]
[Result "1-0"]
[WhiteElo "2417"]
[BlackElo "2307"]
[PlyCount "68"]
[EventDate "2010.07.27"]
[EventType "swiss"]
[EventRounds "11"]
[EventCountry "ENG"]
[Source "lmi"]
[SourceDate "2010.07.25"]

1. d4 Nf6 2. Nf3 g6 3. c4 d6 4. Nc3 Bg7 5. e4 O-O 6. h3 Nbd7 7. Bg5 e5 8. d5 a5
9. Be2 Nc5 10. Nd2 h6 11. Be3 Nh7 12. h4 h5 13. Qc2 Bd7 14. O-O-O c6 15. Bxc5
dxc5 16. Nb3 cxd5 17. cxd5 c4 18. Nc5 b5 19. Ne6 Qb6 20. Nxf8 Nxf8 21. d6 Qxf2
22. Rhf1 Qxh4 23. Nd5 Qg5+ 24. Kb1 Ne6 25. Nc7 Rd8 26. Nxe6 Bxe6 27. a4 c3 28.
axb5 cxb2 29. Bc4 Bxc4 30. Qxc4 Bf6 31. b6 Kg7 32. b7 Qxg2 33. d7 h4 34. Rd6 h3
1-0

[Event "British Chess Championship 2010"]
[Site "Canterbury ENG"]
[Date "2010.08.06"]
[Round "11.8"]
[White "Arkell, Keith C"]
[Black "Ynojosa-Aponte, Felix Jose"]
[Result "1-0"]
[WhiteElo "2465"]
[BlackElo "2224"]
[PlyCount "81"]
[EventDate "2010.07.27"]
[EventType "swiss"]
[EventRounds "11"]
[EventCountry "ENG"]
[Source "lmi"]
[SourceDate "2010.07.25"]

1. d4 Nf6 2. Nf3 e6 3. c4 d5 4. cxd5 exd5 5. Nc3 Be7 6. Bg5 O-O 7. e3 h6 8.
Bxf6 Bxf6 9. b4 c6 10. Rb1 Bf5 11. Bd3 Bxd3 12. Qxd3 a6 13. O-O Nd7 14. a4 Be7
15. b5 axb5 16. axb5 Ra3 17. bxc6 bxc6 18. Rfc1 Qa8 19. Qf5 Rd8 20. Ne2 Ra2 21.
Nf4 Ra6 22. h4 Nf8 23. Ne5 Bf6 24. Nfd3 Bxe5 25. Nxe5 f6 26. Nd3 Rb8 27. Rxb8
Qxb8 28. h5 Qa8 29. Kh2 Ra1 30. Rxa1 Qxa1 31. Qc8 Qa4 32. Nf4 Kf7 33. Qb7+ Kg8
34. Ng6 Qb5 35. Qc8 Qb4 36. Qe8 Qd6+ 37. g3 f5 38. Ne7+ Kh7 39. Qxf8 Qe6 40.
Qe8 Qf6 41. Qg8# 1-0

[Event "British Chess Championship 2010"]
[Site "Canterbury ENG"]
[Date "2010.08.06"]
[Round "11.9"]
[White "Summerscale, Aaron P"]
[Black "McMichael, Richard J"]
[Result "1-0"]
[WhiteElo "2428"]
[BlackElo "2287"]
[PlyCount "83"]
[EventDate "2010.07.27"]
[EventType "swiss"]
[EventRounds "11"]
[EventCountry "ENG"]
[Source "lmi"]
[SourceDate "2010.07.25"]

1. Nf3 d5 2. d4 Nf6 3. c4 e6 4. Bg5 Be7 5. Nc3 O-O 6. e3 Ne4 7. Bxe7 Qxe7 8.
Rc1 Nxc3 9. Rxc3 c6 10. Qc2 Nd7 11. Bd3 h6 12. O-O dxc4 13. Bxc4 e5 14. Bb3 Kh8
15. Qe4 Re8 16. dxe5 Nc5 17. Rxc5 Qxc5 18. Bxf7 Be6 19. Bxe8 Rxe8 20. a3 Bd5
21. Qd4 Qc2 22. Ne1 Qf5 23. Nd3 Be4 24. Nc5 Rxe5 25. Nxe4 Rxe4 26. Qxa7 Re7 27.
Qd4 Rd7 28. Qb4 Qc2 29. g3 Rd2 30. Qxb7 Rd1 31. Qb4 Rd3 32. Qe4 c5 33. a4 Qd2
34. Qc4 Rd8 35. Qxc5 Qxb2 36. Qc7 Ra8 37. Qc6 Rf8 38. a5 Qa2 39. a6 Rf6 40.
Qa8+ Kh7 41. a7 Ra6 42. Qe4+ 1-0

[Event "British Chess Championship 2010"]
[Site "Canterbury ENG"]
[Date "2010.08.06"]
[Round "11.10"]
[White "Rendle, Thomas E"]
[Black "Ledger, Dave J"]
[Result "1-0"]
[WhiteElo "2391"]
[BlackElo "2233"]
[PlyCount "89"]
[EventDate "2010.07.27"]
[EventType "swiss"]
[EventRounds "11"]
[EventCountry "ENG"]
[Source "lmi"]
[SourceDate "2010.07.25"]

1. e4 e5 2. Nf3 Nc6 3. Bc4 Nf6 4. d3 Bc5 5. c3 a6 6. Bb3 d6 7. O-O O-O 8. h3 h6
9. Nbd2 Ba7 10. Re1 Ne7 11. Nf1 Ng6 12. Ng3 Nh7 13. Nf5 Qf6 14. g4 Ng5 15. Nxg5
hxg5 16. Qf3 Nf4 17. Bxf4 gxf4 18. h4 Bxf5 19. exf5 c6 20. Kg2 g6 21. fxg6 Qxg6
22. d4 exd4 23. Qxf4 dxc3 24. h5 Qg7 25. Re7 cxb2 26. Rae1 d5 27. Bc2 Bc5 28.
h6 Qd4 29. Qg5+ Kh8 30. Qf5 Qxf2+ 31. Qxf2 Bxf2 32. Kxf2 b5 33. Rc7 a5 34. Rxc6
a4 35. Rb6 Rab8 36. Rxb8 Rxb8 37. Ke2 a3 38. Kd2 b4 39. Bb1 f5 40. gxf5 b3 41.
axb3 Kh7 42. Rh1 Rxb3 43. f6+ Kh8 44. Re1 a2 45. Re8# 1-0

[Event "British Chess Championship 2010"]
[Site "Canterbury ENG"]
[Date "2010.08.06"]
[Round "11.12"]
[White "Mason, Donald J"]
[Black "Tymrakiewicz, Rafal"]
[Result "1-0"]
[WhiteElo "2219"]
[BlackElo "2301"]
[PlyCount "69"]
[EventDate "2010.07.27"]
[EventType "swiss"]
[EventRounds "11"]
[EventCountry "ENG"]
[Source "lmi"]
[SourceDate "2010.07.25"]

1. d4 Nf6 2. c4 g6 3. Nc3 d5 4. cxd5 Nxd5 5. e4 Nxc3 6. bxc3 c5 7. Nf3 cxd4 8.
cxd4 Bg7 9. Rb1 O-O 10. Be2 Nd7 11. O-O Nf6 12. Qd3 b6 13. Ba3 Re8 14. d5 e6
15. d6 Bb7 16. Nd2 Bh6 17. Bf3 Nd7 18. Rfd1 Rc8 19. Be2 Qg5 20. g3 Qa5 21. Nc4
Qa4 22. Bb2 e5 23. f4 exf4 24. Bg4 Rxe4 25. Bxd7 Qxd7 26. Qc3 f6 27. Qxf6 Re6
28. Qh8+ Kf7 29. Qxh7+ Ke8 30. Qxh6 Qc6 31. Qh8+ Kd7 32. Qg7+ Kd8 33. Bf6+ Ke8
34. d7+ Qxd7 35. Qg8# 1-0

[Event "British Chess Championship 2010"]
[Site "Canterbury ENG"]
[Date "2010.08.06"]
[Round "11.14"]
[White "Jackson, James P"]
[Black "Littlewood, Paul E"]
[Result "0-1"]
[WhiteElo "2135"]
[BlackElo "2361"]
[PlyCount "82"]
[EventDate "2010.07.27"]
[EventType "swiss"]
[EventRounds "11"]
[EventCountry "ENG"]
[Source "lmi"]
[SourceDate "2010.07.25"]

1. e4 c5 2. Nf3 d6 3. d4 cxd4 4. Nxd4 Nf6 5. Nc3 a6 6. Bc4 e6 7. Bb3 Nbd7 8.
O-O Nc5 9. f4 Be7 10. Qf3 O-O 11. f5 Bd7 12. Bg5 h6 13. Bh4 b5 14. a3 a5 15.
fxe6 fxe6 16. Nf5 Nxb3 17. Nxe7+ Qxe7 18. cxb3 Bc6 19. Qe2 b4 20. axb4 axb4 21.
Rxa8 Bxa8 22. e5 dxe5 23. Na4 e4 24. Rc1 Bd5 25. Be1 Nd7 26. Qe3 Ne5 27. Bg3
Nd7 28. Rc7 Qf6 29. h4 Ne5 30. Bxe5 Qxe5 31. Rc1 Rf4 32. Rc2 Rxh4 33. g3 Rg4
34. Rg2 Rg6 35. Nb6 Qh5 36. Nc4 Qd1+ 37. Kh2 Rg5 38. Rg1 Rh5+ 39. Kg2 Qg4 40.
Rf1 Qh3+ 41. Kf2 Rf5+ 0-1

[Event "British Chess Championship 2010"]
[Site "Canterbury ENG"]
[Date "2010.08.06"]
[Round "11.15"]
[White "Constantinou, Peter"]
[Black "Josse, Mark"]
[Result "1/2-1/2"]
[WhiteElo "2302"]
[BlackElo "2128"]
[PlyCount "72"]
[EventDate "2010.07.27"]
[EventType "swiss"]
[EventRounds "11"]
[EventCountry "ENG"]
[Source "lmi"]
[SourceDate "2010.07.25"]

1. d4 d5 2. Bf4 Nf6 3. e3 c5 4. c3 Qb6 5. Qb3 Nc6 6. Nd2 c4 7. Qc2 Nh5 8. Bg5
h6 9. Bh4 g5 10. Be2 Ng7 11. Bg3 Bf5 12. Qc1 h5 13. h3 e6 14. Ngf3 Be7 15. Ne5
f6 16. Nxc6 Qxc6 17. b3 b5 18. a4 a6 19. axb5 axb5 20. bxc4 bxc4 21. Rxa8+ Qxa8
22. O-O Qa2 23. e4 Bg6 24. exd5 exd5 25. Bf3 Bf7 26. Re1 Nf5 27. Qa1 Qxa1 28.
Rxa1 Nxg3 29. Ra8+ Bd8 30. fxg3 Kd7 31. Nf1 Re8 32. Kf2 Bc7 33. Ra6 Re6 34.
Rxe6 Bxe6 35. Ne3 Ba5 36. Nd1 g4 1/2-1/2